000 00382nam a2200109Ia 4500
008 170221s9999 xx 000 0 und d
100 _aAndrew Marshall,
245 4 _aThe Choice of Debt Source by UK Firms (pages 729–764)
245 _cAndrew Marshall, Laura Mccann and Patrick Mccolgan
650 _xBusiness
856 _uhttp://onlinelibrary.wiley.com/doi/10.1111/jbfa.12194/epdf
999 _c307869
_d307869